| 000 | 00547nam a22001577a 4500 | ||
|---|---|---|---|
| 005 | 20250407065641.0 | ||
| 008 | 250407b |||||||| |||| 00| 0 eng d | ||
| 041 | _aEnglish/Afrikaans | ||
| 082 | _a349 UNI | ||
| 100 | _lEnglish/Afrikaans | ||
| 245 |
_aThe Union Statutes : Classified and Annotated Reprint 1910-1947 _cedited by S Kentridge, F.N Kendrige and H.P Van Dyk |
||
| 260 |
_aDurban: _bButterworth and Company Ltd, _c1963 |
||
| 300 |
_b944 pages; _c23 cm. |
||
| 650 |
_aLegal practice _bLaw |
||
| 942 |
_cBK _6ALISON_BN_VRIES |
||
| 999 |
_c3301 _d3301 |
||